| 000 | 01398cam a22003857a 4500 | ||
|---|---|---|---|
| 003 | CHAP | ||
| 005 | 20250613132603.0 | ||
| 008 | 010629d1994 pa rb 00110 spa d | ||
| 010 | _a84281 | ||
| 011 | _a85253 | ||
| 035 | _a95784 | ||
| 040 | _cCHAP | ||
| 090 | _aFolleto 16258 | ||
| 100 | 0 | 0 |
_aCerrud P., Osvaldo _ecomp _921542 |
| 245 | 1 | 0 |
_aPapaya y piña: _bbibliografías especiales _c/comp. por Osvaldo Cerrud P. |
| 260 |
_aDivisa, Panamá : _bCentro de Información y Documentación Agropecuaria _c1994 |
||
| 300 | _a49 p. | ||
| 410 | 0 | 0 | _aCentro de Información y Documentación Agropecuaria |
| 490 | 0 |
_aBibliografías especiales _v; 9 |
|
| 590 |
_aBATCH-UPD _b10 _c20130110 _lUCH01 _h0431 |
||
| 590 |
_aBATCH-UPD _b10 _c20130110 _lUCH01 _h2140 |
||
| 590 |
_aBATCH-UPD _b10 _c20130410 _lUCH01 _h0106 |
||
| 590 |
_aBATCH-UPD _b10 _c20130410 _lUCH01 _h1550 |
||
| 590 |
_aBATCH-UPD _b10 _c20130914 _lUCH01 _h0615 |
||
| 590 |
_aBATCH-UPD _b10 _c20130914 _lUCH01 _h2119 |
||
| 590 |
_aCONVERSION _b10 _c20130109 _lUCH01 _h1347 |
||
| 650 | 1 | 4 |
_aPapaya _xBibliografía. _985325 |
| 650 | 1 | 7 |
_aPiña (Ananas comosus) _xBibliografía _2 _988391 |
| 810 | 2 |
_aCentro de Información y Documentación Agropecuaria _921103 |
|
| 830 | 0 |
_aBibliografías especiales _v; 9 _912208 |
|
| 901 | _aBK | ||
| 905 | _aMarco A. Mendoza T. | ||
| 942 | _cFOLL | ||
| 949 |
_aFolleto 16258 _bBC _cFOLL _d33724002016298 _eTS1 _i95784 _sb |
||
| 999 |
_c84281 _d84281 |
||